[Event "GER-ch U14"]
[Site "Willingen"]
[Date "2024.05.23"]
[Round "7"]
[White "Nunez Gregoire, Daniel"]
[Black "Tuerel, Tugrul"]
[Result "1/2-1/2"]
[WhiteElo "1960"]
[BlackElo "2070"]
[PlyCount "111"]
[EventDate "2024.05.19"]
[EventType "swiss"]
[EventRounds "9"]
[EventCountry "GER"]
[SourceTitle "CBM 220 Extra"]
[Source "ChessBase"]
[SourceDate "2024.07.31"]
[SourceVersion "1"]
[SourceVersionDate "2024.07.31"]
[SourceQuality "1"]

1. d4 d5 2. c4 c6 3. cxd5 cxd5 4. Nc3 Nf6 5. Nf3 Nc6 6. Bf4 a6 7. e3 Bf5 8. Bd3 Bxd3 9. Qxd3 e6 10. h3 Bd6 11. Bxd6 Qxd6 12. 0-0 0-0 13. Rac1 Rac8 14. Nd2 Nd7 15. Nb3 b5 16. Ne2 Ne7 17. Qb1 Qb6 18. Nf4 Nf5 19. Nd3 Nd6 20. Nbc5 Nf6 21. a3 Rfd8 22. b3 Nfe4 23. Qb2 a5 24. f3 Ng3 25. Rfe1 h5 26. Qf2 h4 27. Ne5 Qa7 28. f4 b4 29. axb4 axb4 30. Qd2 Qb6 31. Ned3 Rb8 32. Ra1 Nde4 33. Qb2 Ra8 34. Ra4 Nxc5 35. Nxc5 Rxa4 36. bxa4 Ne4 37. Nxe4 dxe4 38. Rb1 Rb8 39. Qb3 Qa5 40. Rc1 Ra8 41. Rc4 Qxa4 42. Rxb4 Qa1+ 43. Kh2 Qe1 44. Rb8+ Rxb8 45. Qxb8+ Kh7 46. Qb3 Qg3+ 47. Kg1 Qe1+ 48. Kh2 g6 49. d5 Qg3+ 50. Kh1 Qe1+ 51. Kh2 exd5 52. Qxd5 Qg3+ 53. Kh1 Qe1+ 54. Kh2 Qg3+ 55. Kh1 Qe1+ 56. Kh2 1/2-1/2